[Event "World Rapid Women 2017"]
[Site "Riyadh KSA"]
[Date "2017.12.28"]
[Round "14.11"]
[White "Gunina, Valentina"]
[Black "Socko, Monika"]
[Result "1/2-1/2"]
[WhiteTitle "GM"]
[BlackTitle "GM"]
[WhiteElo "2510"]
[BlackElo "2471"]
[WhiteFideId "4167570"]
[BlackFideId "1106619"]
[EventDate "2017.12.26"]

1. d4 Nf6 2. c4 e6 3. Nf3 Bb4+ 4. Bd2 c5 5. Bxb4 cxb4 6. g3 O-O 7. Bg2 d6 8. O-O
Nc6 9. Nbd2 e5 10. d5 Nb8 11. Qb3 Na6 12. Ne1 Bg4 13. f3 Qb6+ 14. Kh1 Nc5 15.
Qc2 Bd7 16. e4 a5 17. Nd3 a4 18. Nxc5 Qxc5 19. Qd3 Rac8 20. h3 b5 21. b3 bxc4
22. bxc4 Rb8 23. f4 Rfe8 24. Rae1 Rb6 25. fxe5 dxe5 26. g4 Nxg4 27. hxg4 Rh6+
28. Bh3 Bxg4 29. Re3 Qxe3 30. Qxe3 Rxh3+ 31. Qxh3 Bxh3 32. Rb1 Rb8 33. c5 Kf8
34. c6 f6 35. Nc4 b3 36. axb3 Rxb3 37. Rd1 Bg4 38. Rd2 Bf3+ 39. Kh2 Bxe4 40. Nd6
Bxd5 41. Rxd5 Rc3 42. Ra5 Rxc6 43. Ra8+ Ke7 44. Nf5+ Kf7 45. Ra7+ Ke6 46. Nxg7+
Kd5 47. Rxa4 Rc4 48. Ra6 Rf4 49. Kg3 Rf1 50. Kg2 Rf4 51. Nh5 Rb4 52. Nxf6+ Kd4
53. Rd6+ Kc5 54. Rd5+ Kc6 55. Rxe5 h5 56. Rxh5 Rb3 57. Ne4 Re3 58. Re5 Rb3 59.
Kf2 Ra3 60. Rc5+ Kb6 61. Rc8 Rh3 62. Nc3 Kb7 63. Rc4 Rh6 64. Ke3 Rc6 65. Rb4+
Kc7 66. Nd5+ Kd6 67. Ke4 Kc5 68. Rb1 Re6+ 69. Kf5 Re2 70. Nf4 Re3 71. Rc1+ Kd4
72. Rc8 Re1 73. Rd8+ Kc4 74. Nd3 Re3 75. Ne5+ Kc3 76. Rc8+ Kd4 77. Nc6+ Kc3 78.
Kf4 Re1 79. Ne5+ Kb3 80. Nd3 Re7 81. Ne5 Re6 82. Ke4 Rd6 83. Nc6 Rh6 84. Nd4+
Kb4 85. Nf3 Rd6 86. Rb8+ Kc3 87. Ne5 Rh6 88. Rc8+ Kb3 89. Kd5 Rh4 90. Rc1 Kb2
91. Rg1 Kb3 92. Rg3+ Kb4 93. Nc6+ Ka4 94. Kc5 Rh5+ 95. Kc4 Rh4+ 96. Nd4 Ka5 97.
Rg6 Re4 98. Rh6 Rg4 99. Re6 Rh4 100. Rg6 Re4 101. Kd5 Re1 102. Rh6 Rd1 103. Rh8
Kb6 104. Rb8+ Ka7 105. Rb2 Ka6 106. Kc6 Rc1+ 107. Nc2 Ka7 108. Kc5 Rh1 109. Nd4
Rc1+ 110. Kd6 Rd1 111. Kc7 Rc1+ 112. Nc6+ 1/2-1/2

[Event "World Rapid Women 2017"]
[Site "Riyadh KSA"]
[Date "2017.12.28"]
[Round "14.12"]
[White "Nechaeva, Marina"]
[Black "Ushenina, Anna"]
[Result "1/2-1/2"]
[WhiteTitle "IM"]
[BlackTitle "GM"]
[WhiteElo "2424"]
[BlackElo "2416"]
[WhiteFideId "4149351"]
[BlackFideId "14110911"]
[EventDate "2017.12.26"]

1. d4 d5 2. c4 c6 3. Nc3 Nf6 4. e3 Bf5 5. Nf3 e6 6. Nh4 Be4 7. f3 Bg6 8. Nxg6
hxg6 9. Qb3 Qb6 10. Bd2 Bd6 11. f4 Qxb3 12. axb3 Bb4 13. g3 Bxc3 14. bxc3 Ne4
15. Bg2 Nd7 16. cxd5 exd5 17. Bxe4 dxe4 18. c4 a6 19. h3 f6 20. Kf2 Kf7 21. Kg2
Rh5 22. g4 1/2-1/2

[Event "World Rapid Women 2017"]
[Site "Riyadh KSA"]
[Date "2017.12.28"]
[Round "14.13"]
[White "Abdumalik, Zhansaya"]
[Black "Guo, Qi"]
[Result "1/2-1/2"]
[WhiteTitle "IM"]
[BlackTitle "IM"]
[WhiteElo "2449"]
[BlackElo "2396"]
[WhiteFideId "13703544"]
[BlackFideId "8604002"]
[EventDate "2017.12.26"]

1. e4 e5 2. Nf3 Nc6 3. Bb5 a6 4. Ba4 Nge7 5. c3 g6 6. d4 exd4 7. cxd4 b5 8. d5
bxa4 9. dxc6 Nxc6 10. Qxa4 Bg7 11. Bg5 f6 12. Be3 Rb8 13. Nc3 O-O 14. O-O Kh8
15. Rac1 Ne7 16. Rfd1 d6 17. Nd4 Qe8 18. Qxe8 Rxe8 19. b3 Bd7 20. h3 Rb7 21. Nd5
c5 22. Ne2 Nxd5 23. Rxd5 Bf8 24. f3 f5 25. Nc3 Bc6 26. Rdd1 fxe4 27. fxe4 Bxe4
28. Bf4 Rd7 29. Re1 d5 30. Nxe4 dxe4 31. Be3 Rd5 32. Rc4 Bd6 33. Bf2 Rd2 34.
Rcxe4 Rxe4 35. Rxe4 Rxa2 36. Re6 Ra1+ 37. Re1 Rxe1+ 38. Bxe1 Kg7 39. Kf2 Kf6 40.
Ke3 Ke5 41. Bc3+ Kd5 42. Kd3 Be5 43. Bd2 h5 44. Be3 Bd4 45. Bf4 Be5 46. Be3 Bg3
47. Bd2 Bf2 48. Bf4 Bd4 49. Bd2 Ke5 50. Bc1 Kf5 51. Bd2 Bf2 52. Ke2 Bg1 53. Kd3
g5 54. Bc1 g4 55. Bd2 gxh3 56. gxh3 Bf2 57. Bc1 Ke5 58. Bd2 Bg3 59. Be3 Kd5 60.
Bd2 Bf2 61. Bf4 Bg1 62. Bd2 Ke5 63. Bc1 Kf5 64. Bd2 Bh2 65. Be3 Bd6 66. Bc1 Bf4
67. Ba3 Bd6 68. Bc1 Bf4 69. Ba3 Bd6 70. Bc1 Bf4 1/2-1/2

[Event "World Rapid Women 2017"]
[Site "Riyadh KSA"]
[Date "2017.12.28"]
[Round "14.17"]
[White "Skripchenko, Almira"]
[Black "Tokhirjonova, Gulrukhbegim"]
[Result "0-1"]
[WhiteTitle "IM"]
[BlackTitle "WGM"]
[WhiteElo "2403"]
[BlackElo "2329"]
[WhiteFideId "13900145"]
[BlackFideId "14203626"]
[EventDate "2017.12.26"]

1. Nf3 d5 2. g3 Bg4 3. Bg2 Nd7 4. d3 Ngf6 5. O-O e5 6. Nbd2 Be7 7. e4 dxe4 8.
dxe4 O-O 9. h3 Bxf3 10. Qxf3 Nc5 11. Rd1 c6 12. Nc4 Qc7 13. Qe2 Rad8 14. Bg5 Ne6
15. Bxf6 Bxf6 16. c3 Be7 17. h4 a5 18. Qh5 b5 19. Ne3 g6 20. Qe2 h5 21. a4 b4
22. Rac1 bxc3 23. bxc3 Nc5 24. Qc4 Rxd1+ 25. Rxd1 Rd8 26. Rb1 Rd2 27. Bf1 Qd6
28. Rb6 Qf6 29. Be2 Nxe4 30. Qxe4 Rxe2 31. Qg2 Re1+ 32. Kh2 e4 33. Nd5 Qe5 34.
Nxe7+ Qxe7 35. Rb2 Qe6 36. Rd2 Kg7 37. Rd4 c5 38. Rd2 Qc4 39. Qh3 Qxc3 40. Rd5
e3 41. g4 Qc4 42. Qf3 exf2 0-1

[Event "World Rapid Women 2017"]
[Site "Riyadh KSA"]
[Date "2017.12.28"]
[Round "14.18"]
[White "Gaponenko, Inna"]
[Black "Tan, Zhongyi"]
[Result "0-1"]
[WhiteTitle "IM"]
[BlackTitle "GM"]
[WhiteElo "2435"]
[BlackElo "2517"]
[WhiteFideId "14101181"]
[BlackFideId "8603642"]
[EventDate "2017.12.26"]

1. e4 d6 2. d4 g6 3. Nc3 Bg7 4. f4 Nf6 5. Nf3 O-O 6. Bd3 Nc6 7. O-O e5 8. fxe5
dxe5 9. d5 Nd4 10. Nxe5 Nxd5 11. exd5 Bxe5 12. Bf4 Bg7 13. Qd2 Bf5 14. Rae1 c6
15. Be5 Qb6 16. Kh1 Bxe5 17. Rxe5 Bxd3 18. Qxd3 Rad8 19. b3 Nb5 20. Nxb5 cxb5
21. c4 bxc4 22. bxc4 Qc5 23. h3 b6 24. Rfe1 Rd7 25. Re8 Qb4 26. Rxf8+ Qxf8 27.
Qd4 Rd8 28. Re2 Qd6 29. Qg4 Qf6 30. Kg1 a6 31. Rf2 Qe7 32. Qd4 Qc7 33. Re2 h5
34. d6 Qc5 35. Qxc5 bxc5 36. Rd2 Kg7 37. Rd5 Kf6 38. h4 Ke6 39. Rxc5 Rxd6 40.
Kh2 Rd4 41. Rc6+ Kd7 42. Rxa6 Rxh4+ 43. Kg3 Rxc4 44. a4 Rc6 45. Ra7+ Ke6 46. a5
Rc3+ 47. Kh2 Ra3 48. a6 g5 49. Ra8 Kf5 50. a7 Kg4 51. Kg1 Ra2 52. Kf1 f5 53. Ke1
f4 54. Kf1 Kh4 55. Ke1 g4 56. Rf8 Rxa7 57. Rxf4 Kg3 58. Rf5 h4 59. Rh5 Kxg2 60.
Rxh4 Re7+ 0-1

[Event "World Rapid Women 2017"]
[Site "Riyadh KSA"]
[Date "2017.12.28"]
[Round "14.19"]
[White "Bodnaruk, Anastasia"]
[Black "Szczepkowska, Karina"]
[Result "1-0"]
[WhiteTitle "IM"]
[BlackTitle "IM"]
[WhiteElo "2428"]
[BlackElo "2419"]
[WhiteFideId "4181751"]
[BlackFideId "1122681"]
[EventDate "2017.12.26"]

1. e4 e5 2. Nf3 Nc6 3. Bb5 a6 4. Ba4 Nf6 5. O-O b5 6. Bb3 Bb7 7. Re1 Bc5 8. c3
d6 9. d4 Bb6 10. Bg5 h6 11. Bh4 g5 12. Bg3 Qe7 13. Bd5 Nd7 14. Nbd2 h5 15. h4 f6
16. Nf1 g4 17. N3h2 O-O-O 18. Ne3 Nf8 19. a4 b4 20. a5 Ba7 21. Nc2 exd4 22. cxd4
f5 23. exf5 Qf6 24. Qd3 Nxd4 25. Bxb7+ Kxb7 26. Nxb4 Nd7 27. Qxa6+ Kb8 28. Nc6+
Nxc6 29. Qxc6 Qxf5 30. a6 Nc5 31. b4 Qd7 32. Qd5 c6 33. Qc4 Ka8 34. bxc5 Bxc5
35. a7 Rhf8 36. Reb1 Rf7 37. Qxc5 1-0

[Event "World Rapid Women 2017"]
[Site "Riyadh KSA"]
[Date "2017.12.28"]
[Round "14.20"]
[White "Girya, Olga"]
[Black "Charochkina, Daria"]
[Result "1/2-1/2"]
[WhiteTitle "WGM"]
[BlackTitle "IM"]
[WhiteElo "2484"]
[BlackElo "2317"]
[WhiteFideId "4195752"]
[BlackFideId "4180917"]
[EventDate "2017.12.26"]

1. d4 e6 2. c4 Bb4+ 3. Bd2 a5 4. a3 Bxd2+ 5. Qxd2 f5 6. Nc3 Nf6 7. Qc2 O-O 8. e3
b6 9. Bd3 Bb7 10. f3 c5 11. Nge2 Nc6 12. O-O Nh5 13. f4 cxd4 14. exd4 Qf6 15.
Nb5 Ba6 16. Nc7 Ra7 17. Nxa6 Rxa6 18. d5 Nd4 19. Qc3 Nxe2+ 20. Bxe2 Qxc3 21.
bxc3 Nf6 22. c5 Ra7 23. dxe6 bxc5 24. exd7 Rxd7 25. Bc4+ Kh8 26. Be6 Rd3 27.
Bxf5 Rxc3 28. Be6 h6 29. Rfc1 Ne4 30. Bd5 Rxf4 31. Bxe4 Rxc1+ 32. Rxc1 Rxe4 33.
Rxc5 Ra4 34. Rc3 Kg8 35. Kf2 Kf7 36. Re3 1/2-1/2

[Event "World Rapid Women 2017"]
[Site "Riyadh KSA"]
[Date "2017.12.28"]
[Round "14.21"]
[White "Karavade, Eesha"]
[Black "Batchimeg, Tuvshintugs"]
[Result "1-0"]
[WhiteTitle "IM"]
[BlackTitle "IM"]
[WhiteElo "2384"]
[BlackElo "2398"]
[WhiteFideId "5012600"]
[BlackFideId "4900839"]
[EventDate "2017.12.26"]

1. Nf3 Nf6 2. c4 g6 3. b3 Bg7 4. Bb2 O-O 5. g3 c6 6. Bg2 d5 7. O-O Bf5 8. d3 Re8
9. Nbd2 a5 10. a3 Na6 11. Rc1 Qd6 12. Qc2 Bg4 13. h3 Bxf3 14. Nxf3 e5 15. cxd5
cxd5 16. Rfd1 Nd7 17. e3 h6 18. Nd2 Rac8 19. Qxc8 Rxc8 20. Rxc8+ Kh7 21. Rc2
Ndc5 22. Bf1 Qb6 23. Rb1 Ne6 24. Ba1 Qd6 25. Bb2 Nac5 26. b4 axb4 27. axb4 Nd7
28. Ba1 Nb6 29. Bg2 Nc7 30. b5 Ne6 31. Rbc1 Qa3 32. Bf1 Qb4 33. Rb1 Qa4 34. Rcc1
h5 35. h4 d4 36. exd4 Nxd4 37. Bxd4 Qxd4 38. Ne4 Qd7 39. Rc5 Kh6 40. Rbc1 Nd5
41. Bg2 Nb4 42. Rc7 Qe6 43. Ng5 Qb6 44. Rxb7 Qd4 45. Nxf7+ Kh7 46. Ng5+ Kh6 47.
Rcc7 Nxd3 48. Rxg7 1-0

[Event "World Rapid Women 2017"]
[Site "Riyadh KSA"]
[Date "2017.12.28"]
[Round "14.22"]
[White "Ding, Yixin"]
[Black "Vijayalakshmi, Subbaraman"]
[Result "0-1"]
[WhiteTitle "WGM"]
[BlackTitle "IM"]
[WhiteElo "2424"]
[BlackElo "2357"]
[WhiteFideId "8602972"]
[BlackFideId "5004098"]
[EventDate "2017.12.26"]

1. e4 e5 2. Nc3 Nc6 3. g3 g6 4. Bg2 Bg7 5. Nge2 Nge7 6. d3 d6 7. Be3 Nd4 8. h3
O-O 9. Qd2 c5 10. f4 b5 11. O-O b4 12. Nd1 Rb8 13. c3 bxc3 14. bxc3 Nxe2+ 15.
Qxe2 Qa5 16. Qd2 Rd8 17. g4 exf4 18. Bxf4 Nc6 19. Kh1 Ba6 20. Rc1 Ne5 21. Nf2
Rd7 22. Rc2 Rdb7 23. Rfc1 Rb1 24. Kh2 Qa3 25. d4 Nc4 26. Qd1 Rxc1 27. Bxc1 Qa4
28. dxc5 dxc5 29. Bf4 Re8 30. g5 Bb5 31. h4 Qa5 32. Qd5 Ba4 33. Rc1 Nb6 34. Qd2
Bd7 35. Bh3 Bxh3 36. Kxh3 Na4 37. e5 Qc7 38. Ng4 Rd8 39. Qe2 Qd7 40. Kg2 Qf5 41.
Bg3 Qd3 42. Qxd3 Rxd3 43. Nf6+ Bxf6 44. exf6 Nxc3 45. Bf2 h6 46. Bxc5 hxg5 47.
hxg5 Ne4 48. Bxa7 Ra3 49. Bc5 Rxa2+ 50. Kf3 Nxg5+ 51. Kg4 Rg2+ 52. Kf4 Nh7 53.
Bd4 Nxf6 54. Rc8+ Kg7 55. Rc6 Rg4+ 56. Ke3 Re4+ 57. Kd3 Rf4 58. Ke3 Re4+ 59. Kd3
Re6 60. Rc5 Kf8 61. Rc8+ Ne8 62. Be3 f6 63. Ke2 Kf7 64. Kf3 Nd6 65. Rc7+ Re7 66.
Rc6 Nf5 67. Bf2 Rd7 68. Ra6 Rd6 69. Ra8 Nd4+ 70. Kg4 Rd7 71. Ra6 Ne6 72. Kf3 f5
73. Be1 g5 74. Ra5 Nd4+ 75. Kg3 Kg6 76. Ra8 Ne6 77. Ra6 Re7 78. Bb4 Re8 79. Bc3
Kh5 80. Ra5 f4+ 81. Kf3 Nf8 82. Bd2 Ng6 83. Ra1 g4+ 84. Kf2 Kg5 85. Ra5+ Re5 86.
Ra4 Kf5 87. Bc3 Rc5 88. Ba1 g3+ 89. Ke2 Nh4 90. Bd4 Rd5 91. Rb4 Rd7 92. Kf1 f3
93. Ra4 Ng6 94. Kg1 Nf4 95. Kf1 Ne2 0-1

[Event "World Rapid Women 2017"]
[Site "Riyadh KSA"]
[Date "2017.12.28"]
[Round "14.23"]
[White "Mkrtchian, Lilit"]
[Black "Vo, Thi Kim Phung"]
[Result "1-0"]
[WhiteTitle "IM"]
[BlackTitle "WGM"]
[WhiteElo "2376"]
[BlackElo "2380"]
[WhiteFideId "13300601"]
[BlackFideId "12401838"]
[EventDate "2017.12.26"]

1. Nf3 Nf6 2. c4 e6 3. g3 d5 4. Bg2 b6 5. b3 Bb7 6. Bb2 Nbd7 7. O-O Bd6 8. cxd5
Bxd5 9. Nc3 Bb7 10. Qc2 a6 11. d4 c5 12. e4 cxd4 13. Nxd4 Qb8 14. Rfd1 O-O 15.
Rac1 b5 16. a4 b4 17. Nb1 Rc8 18. Qe2 e5 19. Nf5 Bf8 20. Nd2 g6 21. Ne3 Nc5 22.
Nec4 Nfd7 23. Na5 Re8 24. Ndc4 Qc7 25. Nxb7 Qxb7 26. Qe3 Qb8 27. Bh3 Ra7 28. Na5
Rc7 29. Rc4 Nf6 30. Rc2 Ncxe4 31. Nc6 Qb7 32. Rdc1 Nc3 33. Bxc3 bxc3 34. Qxc3
Nd5 35. Qd3 Rxc6 36. Rxc6 Nb4 37. Qd7 Qxd7 38. Bxd7 Rd8 39. Rc7 a5 40. Rb7 Nd3
41. Rc8 Rxc8 42. Bxc8 Bc5 43. Rb5 Bxf2+ 44. Kf1 Be1 45. Ba6 Kg7 46. Rb7 Nc5 47.
Kxe1 Nxa6 48. Rb5 Nb4 49. Rxa5 f5 50. Rb5 Nc2+ 51. Kd2 Nd4 52. Rb7+ Kf6 53. a5
Nf3+ 54. Ke2 Nd4+ 55. Kf2 f4 56. gxf4 exf4 57. a6 g5 58. a7 h5 59. a8=Q Kf5 60.
Qc8+ Ke4 61. Re7+ Kd5 62. Qc4+ Kd6 63. Qxd4+ 1-0

[Event "World Rapid Women 2017"]
[Site "Riyadh KSA"]
[Date "2017.12.28"]
[Round "14.24"]
[White "Hoang, Thi Bao Tram"]
[Black "Munguntuul, Batkhuyag"]
[Result "1-0"]
[WhiteTitle "WGM"]
[BlackTitle "IM"]
[WhiteElo "2410"]
[BlackElo "2397"]
[WhiteFideId "12401102"]
[BlackFideId "4900758"]
[EventDate "2017.12.26"]

1. d4 d5 2. c4 c6 3. Nc3 Nf6 4. Nf3 a6 5. c5 Nbd7 6. Bf4 Nh5 7. Bd2 Nhf6 8. h3
g6 9. Bf4 Bg7 10. e3 O-O 11. Be2 Ne4 12. O-O Nxc3 13. bxc3 Re8 14. Bh2 e5 15.
Qb3 b5 16. cxb6 Rb8 17. Rab1 Rxb6 18. Qa3 a5 19. dxe5 Rxb1 20. Rxb1 Nxe5 21.
Nxe5 Bxe5 22. Bxe5 Rxe5 23. Rb8 Qc7 24. Ra8 Qb7 25. Qxa5 Kg7 26. Qa7 Qxa7 27.
Rxa7 Bf5 28. Rc7 Re8 29. Rxc6 Rb8 30. Bf3 Be6 31. Rc5 Rb1+ 32. Kh2 Rb2 33. Kg3
Rxa2 34. Bxd5 Bxd5 35. Rxd5 Rc2 36. Rc5 h5 37. c4 h4+ 38. Kf3 Kh6 39. Rc7 f5 40.
c5 g5 41. Rc6+ Kg7 42. g4 fxg4+ 43. Kxg4 Rxf2 44. Kxg5 Rf3 45. Rc7+ Kf8 46. Kxh4
Rxe3 47. Kg4 Re5 48. h4 Kg8 49. h5 Rd5 50. h6 Kh8 51. Kf4 Rh5 52. Rc6 Kg8 53.
Ke4 Kf7 54. Kd4 Ke7 55. Kc4 Kd7 56. Rg6 Rh1 57. Kb5 Rb1+ 58. Ka6 Kc7 59. Rb6
Ra1+ 60. Kb5 Rb1+ 61. Kc4 Rh1 62. Rg6 Kd7 63. Ra6 Kc7 64. Kd5 Rh5+ 65. Kd4 Kb7
66. Rg6 Kc7 67. Kc4 Rh1 68. Kd5 Rh5+ 69. Ke6 Rxc5 70. Kf7 Rh5 71. Kg7 Kd7 72. h7 1-0

[Event "World Rapid Women 2017"]
[Site "Riyadh KSA"]
[Date "2017.12.28"]
[Round "14.25"]
[White "Saduakassova, Dinara"]
[Black "Hoolt, Sarah"]
[Result "1/2-1/2"]
[WhiteTitle "IM"]
[BlackTitle "WGM"]
[WhiteElo "2460"]
[BlackElo "2405"]
[WhiteFideId "13700090"]
[BlackFideId "24606812"]
[EventDate "2017.12.26"]

1. d4 Nf6 2. c4 e6 3. Nc3 d5 4. cxd5 exd5 5. Bg5 Be7 6. e3 O-O 7. Bd3 Nbd7 8.
Qc2 c6 9. Nf3 Re8 10. Ne5 h6 11. Bxf6 Nxf6 12. O-O Ng4 13. Bh7+ Kf8 14. Nxg4
Bxg4 15. Bf5 Bxf5 16. Qxf5 Kg8 17. Rab1 a5 18. a4 Bd6 19. Rfe1 Bc7 20. g3 Qd6
21. Rbd1 Qb4 22. Qc2 Rad8 23. Ne2 Re4 24. Nc1 Qe7 25. Nd3 Bd6 26. Rc1 h5 27. Nc5
Rg4 28. Qf5 Rg5 29. Qf3 h4 30. e4 hxg3 31. hxg3 dxe4 32. Nxe4 Rg6 33. Kg2 Bb4
34. Nc3 Qd7 35. Re4 Rf6 36. Qe2 c5 37. Nb5 Qc6 38. f3 Rh6 39. b3 Qd7 40. g4 Qc6
41. Rh1 Rxh1 42. Kxh1 Qh6+ 43. Kg2 cxd4 44. Re8+ Rxe8 45. Qxe8+ Bf8 46. Nxd4
Qd2+ 47. Ne2 Qb4 48. Qb5 Qxb5 49. axb5 Bb4 50. Kf2 Bc5+ 51. Ke1 Kf8 52. Kd2 Ke7
53. Kd3 Kd6 54. Kc4 b6 55. Nf4 Be3 56. Nd5 Bf2 57. Nf4 g5 58. Nh3 Be3 59. Kd3
Bc1 60. Kd4 f6 61. Nf2 Bb2+ 62. Kc4 Be5 63. Nd3 Bh2 64. Kd4 Bg1+ 65. Ke4 Ke6 66.
f4 gxf4 67. Nxf4+ Kd6 68. Nd5 Ke6 69. Nc7+ Kd6 70. Nd5 Ke6 71. Nc7+ 1/2-1/2

[Event "World Rapid Women 2017"]
[Site "Riyadh KSA"]
[Date "2017.12.28"]
[Round "14.26"]
[White "Li, Ruofan"]
[Black "Buksa, Nataliya"]
[Result "1-0"]
[WhiteTitle "IM"]
[BlackTitle "WGM"]
[WhiteElo "2351"]
[BlackElo "2385"]
[WhiteFideId "8600643"]
[BlackFideId "14123622"]
[EventDate "2017.12.26"]

1. d4 d5 2. c4 e6 3. Nc3 a6 4. cxd5 exd5 5. Nf3 Nf6 6. Bg5 Be6 7. Qb3 b6 8. e3
Nbd7 9. Ne5 h6 10. Bxf6 Nxf6 11. Bxa6 Bd6 12. Bb7 Bxe5 13. Bxa8 Qxa8 14. dxe5 d4
15. Qa4+ Qxa4 16. Nxa4 Nd5 17. exd4 Nf4 18. g3 Bd5 19. Rf1 Ne6 20. f4 Ke7 21.
O-O-O Bxa2 22. f5 Ng5 23. Kc2 b5 24. Nc3 Bc4 25. f6+ gxf6 26. Rxf6 b4 27. Nb1
Bd5 28. Nd2 Ne6 29. Nb3 Be4+ 30. Kd2 Rd8 31. Rdf1 Bd5 32. Rxf7+ Ke8 33. Nc1 Bg2
34. R1f6 Rxd4+ 35. Ke3 Re4+ 36. Kf2 Bh3 37. Nd3 Bg4 38. Rh7 Re2+ 39. Kf1 Nd4 40.
Nf4 Rxe5 41. Rg6 Rg5 42. Rhxh6 Rxg6 43. Rxg6 Bf5 44. Rg7 c6 45. h4 Be4 46. g4
Kf8 47. Rb7 Bf3 48. g5 Nf5 49. Rxb4 c5 50. Ra4 Bc6 51. Ra5 Nxh4 52. Rxc5 Bd7 53.
Kf2 Nf5 54. b4 Ke7 55. Kf3 Nd6 56. Re5+ Kf7 57. Rc5 Ba4 58. Ke3 Ne8 59. b5 Nd6
60. b6 Ke8 61. g6 Bb3 62. b7 Nxb7 63. Rb5 1-0

[Event "World Rapid Women 2017"]
[Site "Riyadh KSA"]
[Date "2017.12.28"]
[Round "14.27"]
[White "Enkhtuul, Altan-Ulzii"]
[Black "Voit, Daria"]
[Result "1-0"]
[WhiteTitle "WGM"]
[BlackTitle "FM"]
[WhiteElo "2344"]
[BlackElo "2390"]
[WhiteFideId "4901444"]
[BlackFideId "4182146"]
[EventDate "2017.12.26"]

1. d4 Nf6 2. Nf3 e6 3. g3 b5 4. Bg2 Bb7 5. O-O d5 6. Bg5 c5 7. c3 Nbd7 8. a4 b4
9. a5 Ba6 10. Re1 Be7 11. dxc5 Bxc5 12. Bxf6 gxf6 13. Nd4 f5 14. cxb4 Bxb4 15.
Nc6 Qf6 16. Nxb4 Qxb2 17. Nxa6 Qxa1 18. Nc7+ Ke7 19. Nxa8 Rxa8 20. Qd2 Rc8 21.
Qb4+ Ke8 22. Na3 Qe5 23. Nb5 Rb8 24. Nd6+ Kf8 25. Nb7+ Kg7 26. a6 Rc8 27. Bf3
Rc6 28. Qe7 Nf8 29. Nd8 Rc7 30. Qg5+ Ng6 31. Qd2 Qd6 32. Qb2+ f6 33. Qb8 Rd7 34.
Qxd6 Rxd6 35. Nb7 Rxa6 36. Rc1 Ne5 37. Bh5 Nc4 38. e3 Rb6 39. Nc5 Rc6 40. Nb3
Rb6 41. Nd4 a5 42. Be2 Nb2 43. Rb1 Kf7 44. Bb5 Nc4 45. Rb3 Rd6 46. Rc3 Nd2 47.
Rc7+ Kg6 48. Bd7 a4 49. Bxe6 Nf3+ 50. Nxf3 Rxe6 51. Ra7 1-0

[Event "World Rapid Women 2017"]
[Site "Riyadh KSA"]
[Date "2017.12.28"]
[Round "14.28"]
[White "Berend, Elvira"]
[Black "Mammadova, Gulnar"]
[Result "1/2-1/2"]
[WhiteTitle "WGM"]
[BlackTitle "IM"]
[WhiteElo "2303"]
[BlackElo "2357"]
[WhiteFideId "4000510"]
[BlackFideId "13403508"]
[EventDate "2017.12.26"]

1. d4 e6 2. Nf3 f5 3. e3 Nf6 4. Be2 d5 5. O-O Bd6 6. b3 O-O 7. c4 c6 8. Ba3 Bxa3
9. Nxa3 Nbd7 10. Nc2 Ne4 11. Bd3 a5 12. Qe1 b6 13. Nd2 Ba6 14. f3 Nxd2 15. Qxd2
dxc4 16. bxc4 e5 17. Qc3 Qe7 18. Rab1 Rab8 19. Rfe1 e4 20. Be2 Nf6 21. f4 Rfc8
22. a4 Qd8 23. Ra1 h6 24. Red1 Ra8 25. Rdb1 Rab8 26. Bf1 Rb7 27. Na3 Rbb8 28.
Qd2 Kh7 29. Rb2 Rc7 30. Rab1 Rcb7 31. Qc3 Rc8 32. Qe1 Rcb8 33. Qc3 Rc8 34. Qe1
Rbb8 35. Qc3 Rb7 36. Qe1 1/2-1/2

[Event "World Rapid Women 2017"]
[Site "Riyadh KSA"]
[Date "2017.12.28"]
[Round "14.29"]
[White "Cori T., Deysi"]
[Black "Gvetadze, Sofio"]
[Result "1-0"]
[WhiteTitle "WGM"]
[BlackTitle "IM"]
[WhiteElo "2389"]
[BlackElo "2289"]
[WhiteFideId "3801934"]
[BlackFideId "13601440"]
[EventDate "2017.12.26"]

1. d4 Nf6 2. Nf3 c5 3. e3 g6 4. Nbd2 Qc7 5. b3 Bg7 6. Bb2 O-O 7. Be2 b6 8. c4
Bb7 9. O-O d6 10. a3 Nbd7 11. Qc2 e5 12. dxe5 dxe5 13. Ng5 Rfd8 14. Rfd1 e4 15.
h4 Re8 16. Nh3 Ne5 17. Nf4 h6 18. Nd5 Bxd5 19. cxd5 Neg4 20. Nf1 Rad8 21. b4 h5
22. bxc5 bxc5 23. Rac1 Qd7 24. d6 Qf5 25. Bb5 Rf8 26. Ng3 Qe6 27. Bxf6 Qxf6 28.
d7 Qxh4 29. Qxe4 Be5 30. Qf3 Qe7 31. Rd5 a6 32. Ba4 c4 33. Rxc4 Qxa3 34. Rd1 Qa2
35. Rxg4 hxg4 36. Qxg4 Bg7 37. Bc6 Qc2 38. Bb7 a5 39. Ne4 a4 40. Ng5 Bf6 41. Be4
Qc4 42. Nxf7 Rxf7 43. Qxg6+ Kf8 44. Bd5 Rdxd7 45. Bxc4 Rxd1+ 46. Kh2 Be5+ 47. f4
Rf6 48. Qg8+ Ke7 49. fxe5 Rb6 50. e6 Rd8 51. Qg5+ Ke8 52. Bb5+ Rxb5 53. Qxb5+
Ke7 54. Qxa4 Kxe6 55. Qc6+ Ke7 56. g4 Rf8 57. Kg3 Rd8 58. g5 Rg8 59. Qf6+ Kd7
60. Qf7+ 1-0

[Event "World Rapid Women 2017"]
[Site "Riyadh KSA"]
[Date "2017.12.28"]
[Round "14.30"]
[White "Rapport, Jovana"]
[Black "Melia, Salome"]
[Result "0-1"]
[WhiteTitle "WGM"]
[BlackTitle "IM"]
[WhiteElo "2299"]
[BlackElo "2404"]
[WhiteFideId "937266"]
[BlackFideId "13602446"]
[EventDate "2017.12.26"]

1. d4 Nf6 2. Nc3 g6 3. Bg5 Bg7 4. Qd2 h6 5. Bxf6 Bxf6 6. e4 d6 7. h4 Nd7 8. h5
g5 9. Be2 a6 10. a4 Bg7 11. Bc4 c5 12. dxc5 Nxc5 13. Nge2 O-O 14. b4 Nd7 15. a5
Ne5 16. Bb3 Bg4 17. Rb1 Rc8 18. Nd5 Bf3 19. Kf1 Bxe4 20. Ng3 Bh7 21. f4 gxf4 22.
Qxf4 e6 23. Ne3 Qf6 24. Rh4 Rc3 25. Ke2 d5 26. Rf1 Qxf4 27. Rhxf4 Nc6 28. Kd2 d4
29. Ng4 Rxg3 30. R1f2 Bf5 31. Nh2 Be5 32. R4f3 Rxf3 33. gxf3 Bf4+ 34. Kd1 Nxb4
35. Ng4 Bxg4 36. fxg4 Bg5 37. Ke2 Rc8 38. Kf3 d3 39. cxd3 Nxd3 40. Re2 Rc3 41.
Rc2 Rxc2 42. Bxc2 Ne1+ 43. Ke2 Nxc2 0-1

[Event "World Rapid Women 2017"]
[Site "Riyadh KSA"]
[Date "2017.12.28"]
[Round "14.31"]
[White "Savina, Anastasia"]
[Black "Kulon, Klaudia"]
[Result "1-0"]
[WhiteTitle "IM"]
[BlackTitle "WGM"]
[WhiteElo "2350"]
[BlackElo "2370"]
[WhiteFideId "4196872"]
[BlackFideId "1131044"]
[EventDate "2017.12.26"]

1. Nf3 Nf6 2. c4 g6 3. Nc3 Bg7 4. e4 d6 5. d4 O-O 6. h3 e5 7. d5 Na6 8. Be3 b6
9. Nd2 Nh5 10. g3 Qe8 11. Be2 Nf6 12. g4 Kh8 13. h4 Bd7 14. h5 gxh5 15. gxh5 h6
16. Nf1 Nc5 17. Ng3 a5 18. Qd2 Ng8 19. O-O-O a4 20. Rdg1 f5 21. Nxf5 Bxf5 22.
exf5 Rf6 23. Rg6 e4 24. Rhg1 Rxg6 25. Rxg6 Qe5 26. Nb5 Ne7 27. Rxg7 Nxf5 28. Rg6
a3 29. Bd4 Nb3+ 30. axb3 a2 31. Bxe5+ dxe5 32. Rxh6+ Nxh6 33. Qxh6+ Kg8 34. Bg4
a1=Q+ 35. Kc2 Re8 36. Qg6+ Kf8 37. Qf6+ Kg8 38. h6 1-0